[Event "Passau op 8th"]
[Site "Passau"]
[Date "2000.04.24"]
[Round "7"]
[White "Klein, Michael"]
[Black "Grimm, Joachim"]
[Result "0-1"]
[WhiteElo "1712"]
[BlackElo "1578"]
[PlyCount "74"]
[EventDate "2000.04.21"]
[EventType "swiss"]
[EventRounds "7"]
[EventCountry "GER"]
[SourceTitle "CBM 076 Extra"]
[Source "ChessBase"]
[SourceDate "2000.07.11"]
[SourceVersion "1"]
[SourceVersionDate "2000.07.11"]
[SourceQuality "1"]

1. e4 e6 2. d4 d5 3. Nc3 Bb4 4. e5 c5 5. Nge2 Nc6 6. a3 cxd4 7. Nxd4 Bxc3+ 8. bxc3 Nxe5 9. Bb5+ Bd7 10. Qe2 Nc6 11. Nf5 Qf6 12. 0-0 Qxf5 13. Rb1 Nf6 14. Bd3 Qh5 15. f3 Qe5 16. Qf2 b6 17. Re1 Qxc3 18. Be3 Qxa3 19. Ra1 Qd6 20. Bxb6 Bc8 21. Bc5 Qc7 22. Bb5 Bd7 23. g4 h6 24. Ra3 Ne7 25. Rb1 Bxb5 26. Rxb5 0-0 27. Rba5 Rfc8 28. Bb4 Ng6 29. Bc5 Nd7 30. Bxa7 Qxc2 31. Qxc2 Rxc2 32. R5a4 Nde5 33. h3 Nc4 34. Ra1 Nh4 35. f4 Nf3+ 36. Kf1 Rxa7 37. Rxa7 Ne3# 0-1

[Event "Passau op 8th"]
[Site "Passau"]
[Date "2000.04.22"]
[Round "4"]
[White "Grimm, Joachim"]
[Black "Albrecht, Stephan"]
[Result "0-1"]
[WhiteElo "1578"]
[BlackElo "1826"]
[PlyCount "118"]
[EventDate "2000.04.21"]
[EventType "swiss"]
[EventRounds "7"]
[EventCountry "GER"]
[SourceTitle "CBM 076 Extra"]
[Source "ChessBase"]
[SourceDate "2000.07.11"]
[SourceVersion "1"]
[SourceVersionDate "2000.07.11"]
[SourceQuality "1"]

1. e4 c5 2. Nf3 d6 3. d4 cxd4 4. Nxd4 Nf6 5. Nc3 a6 6. Be2 e6 7. Be3 Nbd7 8. 0-0 Qc7 9. Qd2 b5 10. f3 Be7 11. Rad1 0-0 12. g4 Ne5 13. b3 Bb7 14. Nb1 d5 15. g5 Nfd7 16. f4 Nc6 17. e5 Rac8 18. c3 b4 19. Nxc6 Bxc6 20. cxb4 Qb7 21. a3 a5 22. Rc1 axb4 23. a4 Ra8 24. Rc2 Rfd8 25. Bd4 Bxa4 26. bxa4 b3 27. Rb2 Rxa4 28. Rf3 Rxd4 29. Rfxb3 Qa7 30. Qe3 Bc5 31. Kg2 Re4 32. Qc1 Be3 33. Qc6 Nb6 34. Nc3 Rxf4 35. Nb5 Qd7 36. Qxd7 Nxd7 37. Rxe3 d4 38. Kg3 Rf5 39. Nxd4 Rxg5+ 40. Kh4 Rg2 41. Nf3 Nf8 42. Kh3 Rg6 43. Rb7 Rh6+ 44. Kg2 Ng6 45. Re4 Rf8 46. Rg4 f5 47. Ra4 Kh8 48. Kg1 Rg8 49. Ra6 Nf4 50. Kf2 g5 51. Bc4 g4 52. Nd4 Rxh2+ 53. Kg3 Rd2 54. Kxf4 Rxd4+ 55. Ke3 Rxc4 56. Raa7 Re4+ 57. Kd3 Rd8+ 58. Kc3 Re3+ 59. Kc2 Rh3 0-1

[Event "Passau op 8th"]
[Site "Passau"]
[Date "2000.04.22"]
[Round "3"]
[White "Spranger, Michael"]
[Black "Grimm, Joachim"]
[Result "1/2-1/2"]
[WhiteElo "2008"]
[BlackElo "1578"]
[PlyCount "102"]
[EventDate "2000.04.21"]
[EventType "swiss"]
[EventRounds "7"]
[EventCountry "GER"]
[SourceTitle "CBM 076 Extra"]
[Source "ChessBase"]
[SourceDate "2000.07.11"]
[SourceVersion "1"]
[SourceVersionDate "2000.07.11"]
[SourceQuality "1"]

1. e4 e6 2. d4 d5 3. Nc3 Bb4 4. Qd3 dxe4 5. Qxe4 Nf6 6. Qh4 Nc6 7. Nf3 Nd5 8. Bg5 Qd6 9. Bd2 Nxc3 10. bxc3 Ba5 11. a4 Ne7 12. Qg5 Nf5 13. Bd3 h6 14. Qg4 g6 15. 0-0 Ne7 16. Ne5 c6 17. Qf3 f5 18. Nc4 Qd8 19. Nxa5 Qxa5 20. Rfd1 Qd5 21. Qe3 Bd7 22. c4 Qd6 23. Rab1 b6 24. Bb4 Qc7 25. Rb2 g5 26. Bxe7 Kxe7 27. Re1 Kf6 28. Qe5+ Qxe5 29. Rxe5 g4 30. g3 h5 31. c3 h4 32. c5 hxg3 33. fxg3 Rab8 34. cxb6 Rxb6 35. Rxb6 axb6 36. Re1 c5 37. dxc5 bxc5 38. Bb5 Bxb5 39. axb5 c4 40. Rb1 Rb8 41. Kf2 Rb6 42. Ke3 e5 43. Rb4 Kg5 44. Rxc4 Rxb5 45. Rb4 Rxb4 46. cxb4 Kf6 47. Kf2 Ke6 48. Kg2 Kd5 49. h4 gxh3+ 50. Kxh3 Kc4 51. g4 fxg4+ 1/2-1/2